000 00789cam a2200241 4500500
005 20260405004103.0
041 _afre
042 _adc
100 1 0 _aSchäfer, Helena
_eauthor
700 1 0 _aLarmagnac-Matheron, Octave
_eauthor
245 0 0 _aBiographie : Tolkien, le seigneur 
des mots
260 _c2022.
500 _a80
690 _aAfrique du Sud
690 _aAnneau
690 _aHeroic fantasy
690 _aImagination
690 _aPremière Guerre mondiale
690 _aSeigneur des Anneaux
690 _aTolkien
786 0 _nPhilosophie magazine - Hors séries | Hors série - Été-Autome 2022 | HS54 | 2022-07-01 | p. 4-6 | 2104-9246
856 4 1 _uhttps://shs.cairn.info/magazine-philosophie-magazine-2022-hs54-page-4?lang=fr&redirect-ssocas=7080
999 _c2073603
_d2073603